000 00700cam a22002413a 4500
001 10055
003 PGUSA
005 20140828083219.0
008 031101s2003||||xxu|||||s|||||000 | eng d
040 _aPGUSA
_beng
042 _adc
050 4 _aPN
100 1 _aLessing, Gotthold Ephraim,
_d1729-1781
245 1 0 _aHamburgische Dramaturgie
_h[electronic resource] /
_cGotthold Ephraim Lessing
260 _bProject Gutenberg,
_c2003
506 _aPublic domain in the USA.
516 _aElectronic text
653 _aDrama -- Technique
653 _aAristotle, 384 BC-322 BC. Poetics
830 0 _aProject Gutenberg
_v10055
856 4 0 _uhttp://www.gutenberg.org/ebooks/10055
942 _cEB
999 _c239310
_d239310